[Event "Paderborn op 17th"]
[Site "Paderborn"]
[Date "2023.12.28"]
[Round "3"]
[White "Stemmler, Fabian"]
[Black "Volkov, Mykyta"]
[Result "0-1"]
[WhiteElo "2135"]
[BlackElo "2281"]
[PlyCount "66"]
[EventDate "2023.12.27"]
[EventType "swiss"]
[EventRounds "7"]
[EventCountry "GER"]
[SourceTitle "EXT 2025"]
[Source "ChessBase"]
[SourceDate "2024.10.14"]
[SourceVersion "1"]
[SourceVersionDate "2024.10.14"]
[SourceQuality "1"]

1. e4 e6 2. d4 d5 3. e5 c5 4. c3 Nc6 5. Nf3 Bd7 6. Be2 Nge7 7. Na3 cxd4 8. cxd4 Nf5 9. Nc2 Rc8 10. 0-0 Be7 11. Bd2 0-0 12. Bd3 Qb6 13. Bc3 Na5 14. Bxf5 exf5 15. Ne3 Be6 16. Qd3 g6 17. Qd2 Nc6 18. Nc2 Kg7 19. Nce1 h6 20. Nd3 g5 21. Nc5 Bxc5 22. dxc5 Qxc5 23. h4 g4 24. Nd4 Nxd4 25. Bxd4 Qc2 26. Qe3 a6 27. f3 gxf3 28. gxf3 Kh7 29. Rf2 Rg8+ 30. Kh2 f4 31. Qxf4 Qg6 32. b3 Rc2 33. Raf1 Rxf2+ 0-1

[Event "Krakow op-B"]
[Site "Krakow"]
[Date "2022.06.30"]
[Round "7"]
[White "Szczurek, Krzysztof"]
[Black "Stemmler, Fabian"]
[Result "1-0"]
[WhiteElo "2151"]
[BlackElo "2054"]
[PlyCount "107"]
[EventDate "2022.06.25"]
[EventType "swiss"]
[EventRounds "9"]
[EventCountry "POL"]
[SourceTitle "EXT 2023"]
[Source "ChessBase"]
[SourceDate "2022.10.05"]
[SourceVersion "1"]
[SourceVersionDate "2022.10.05"]
[SourceQuality "1"]

1. e4 g6 2. d4 Bg7 3. Nc3 d6 4. Be3 a6 5. f3 b5 6. Qd2 Nd7 7. g4 Bb7 8. h4 h5 9. g5 e6 10. Bh3 Ne7 11. Nge2 0-0 12. 0-0-0 d5 13. Ng3 c5 14. dxc5 Ne5 15. Qe2 Nc4 16. Bd4 e5 17. Bf2 Qa5 18. a3 b4 19. Na2 bxa3 20. b3 Nb2 21. Rdg1 d4 22. Be1 Qb5 23. Bb4 d3 24. Qd2 Nc6 25. Bxa3 dxc2 26. Kxb2 Nd4 27. Qc3 Rfb8 28. Nc1 Bc6 29. Bf1 Qb7 30. Bc4 a5 31. Ka2 a4 32. b4 Bf8 33. Nce2 Nb5 34. Bxb5 Qxb5 35. Qxc2 Bd7 36. Ka1 Be6 37. Rc1 Bb3 38. Nc3 Qc4 39. Qb2 Bxc5 40. bxc5 Bd1 41. Nxd1 Qe6 42. Qa2 Rb3 43. c6 Rc8 44. c7 Qd7 45. Nc3 Qd4 46. Nge2 Qe3 47. Nd5 Qxf3 48. Nec3 Kg7 49. Bd6 Ra8 50. Bxe5+ Kh7 51. Rhf1 Qd3 52. Rxf7+ Kg8 53. Rg7+ Kf8 54. Qf2+ 1-0

[Event "GER-ch U25-A"]
[Site "Willingen"]
[Date "2019.06.12"]
[Round "5"]
[White "Schlick, Stefan"]
[Black "Stemmler, Fabian"]
[Result "1/2-1/2"]
[WhiteElo "2017"]
[BlackElo "2002"]
[PlyCount "47"]
[EventDate "2019.06.08"]
[EventType "swiss"]
[EventRounds "9"]
[EventCountry "GER"]
[SourceTitle "CBM 191 Extra"]
[Source "ChessBase"]
[SourceDate "2019.09.30"]
[SourceVersion "1"]
[SourceVersionDate "2019.09.30"]
[SourceQuality "1"]

1. d4 g6 2. c4 f5 3. g3 Nf6 4. Bg2 Bg7 5. Nc3 d6 6. e4 fxe4 7. Nxe4 Nxe4 8. Bxe4 0-0 9. Ne2 c6 10. 0-0 Bg4 11. Be3 Nd7 12. Bg2 Nf6 13. Qd2 Qd7 14. f3 Be6 15. b3 a5 16. Rfe1 Bf7 17. Bh6 Rfe8 18. Bxg7 Kxg7 19. Nf4 e5 20. dxe5 dxe5 21. Qxd7 Nxd7 22. Nd3 Kf6 23. Bh3 Be6 24. Bxe6 1/2-1/2

[Event "GER-ch U25-A"]
[Site "Willingen"]
[Date "2018.05.20"]
[Round "2"]
[White "Stemmler, Fabian"]
[Black "Arndt, Magnus"]
[Result "1/2-1/2"]
[WhiteElo "1998"]
[BlackElo "2132"]
[PlyCount "55"]
[EventDate "2018.05.19"]
[EventType "swiss"]
[EventRounds "9"]
[EventCountry "GER"]
[SourceTitle "CBM 184 Extra"]
[Source "ChessBase"]
[SourceDate "2018.06.28"]
[SourceVersion "1"]
[SourceVersionDate "2018.06.28"]
[SourceQuality "1"]

1. d4 Nf6 2. Bg5 Ne4 3. h4 d5 4. e3 c5 5. c3 Nc6 6. Nd2 Nxd2 7. Qxd2 h6 8. Bf4 e6 9. Bd3 Bd6 10. Bxd6 Qxd6 11. Nf3 Bd7 12. dxc5 Qxc5 13. e4 Rd8 14. exd5 Qxd5 15. Bc2 Qxd2+ 16. Nxd2 0-0 17. 0-0-0 Ne5 18. f3 Bb5 19. Ne4 Bd3 20. Bxd3 Nxd3+ 21. Kc2 Nf4 22. Rxd8 Rxd8 23. g3 Nd5 24. Re1 b6 25. Re2 Kf8 26. a3 Ke7 27. c4 Nf6 28. Nxf6 1/2-1/2

[Event "Ruhrgebiet Verbandsklasse Gruppe 3 1718"]
[Site "Germany"]
[Date "2018.01.14"]
[Round "5.1"]
[White "Stemmler, Fabian"]
[Black "Doering, Carsten"]
[Result "1-0"]
[WhiteElo "1993"]
[BlackElo "1961"]
[PlyCount "63"]
[EventDate "2017.09.17"]
[EventType "team-tourn"]
[EventRounds "9"]
[EventCountry "GER"]
[SourceTitle "EXT 2022"]
[Source "ChessBase"]
[SourceDate "2021.10.06"]
[SourceVersion "1"]
[SourceVersionDate "2021.10.06"]
[SourceQuality "1"]
[WhiteTeam "Brackel SF III"]
[BlackTeam "Hervest Dorsten"]
[WhiteTeamCountry "GER"]
[BlackTeamCountry "GER"]

1. d4 Nf6 2. Bg5 g6 3. Bxf6 exf6 4. e3 Bg7 5. g3 d5 6. Bg2 c6 7. Ne2 0-0 8. 0-0 Na6 9. Nd2 Nc7 10. c4 Be6 11. Nf4 Qd7 12. Rc1 dxc4 13. Nxe6 fxe6 14. Rxc4 Kh8 15. Ne4 Rab8 16. Nc5 Qe7 17. b4 Rfd8 18. Qb3 f5 19. a4 e5 20. dxe5 Qxe5 21. Rd1 Qe7 22. Rcc1 b6 23. Rxd8+ Rxd8 24. Nb7 Rd2 25. Rxc6 Qd7 26. Qc4 Be5 27. Bf3 Rb2 28. Nd6 Rb1+ 29. Kg2 Bxd6 30. Qd4+ Kg8 31. Rxd6 Qxa4 32. Qc4+ 1-0

[Event "Ruhrgebiet Verbandsklasse Gruppe 3 1718"]
[Site "Germany"]
[Date "2017.11.05"]
[Round "3.1"]
[White "Stemmler, Fabian"]
[Black "Dergatschova, Anna"]
[Result "1/2-1/2"]
[WhiteElo "1978"]
[BlackElo "2114"]
[PlyCount "109"]
[EventDate "2017.09.17"]
[EventType "team-tourn"]
[EventRounds "9"]
[EventCountry "GER"]
[SourceTitle "EXT 2022"]
[Source "ChessBase"]
[SourceDate "2021.10.06"]
[SourceVersion "1"]
[SourceVersionDate "2021.10.06"]
[SourceQuality "1"]
[WhiteTeam "Brackel SF III"]
[BlackTeam "Ruettenscheid Rochade"]
[WhiteTeamCountry "GER"]
[BlackTeamCountry "GER"]

1. d4 d5 2. Bf4 Nc6 3. e3 e6 4. c4 Nf6 5. Nc3 Bb4 6. Rc1 Ne4 7. Nf3 g5 8. Be5 f6 9. Bg3 h5 10. h3 Nxg3 11. fxg3 Qd6 12. Kf2 h4 13. gxh4 gxh4 14. cxd5 exd5 15. Bb5 Qg3+ 16. Kf1 Rg8 17. Qe2 Bxc3 18. Rxc3 Bd7 19. Qf2 Qxf2+ 20. Kxf2 Rh8 21. Bxc6 Bxc6 22. Rhc1 0-0-0 23. b4 a6 24. Rc5 Rh7 25. Ne1 Bb5 26. R5c3 Rg8 27. R1c2 Rhg7 28. a3 Ba4 29. Rd2 Rg3 30. Rc5 R8g5 31. Rc3 Rg7 32. Rc5 R7g5 33. Rc3 Kd7 34. Kf1 Bb5+ 35. Kf2 Kd6 36. Rdc2 Rg7 37. Kg1 Rxh3 38. Rf2 Ke6 39. Rf4 Rhg3 40. Rxh4 Be8 41. Kf2 R3g5 42. Rh2 Bg6 43. Nf3 Rg4 44. Rh4 Rxh4 45. Nxh4 Be4 46. Nf3 Rh7 47. Rc1 Kd6 48. Nd2 Bd3 49. Rc3 Bf5 50. Nf1 Bg6 51. Ng3 b6 52. Rc1 Bd3 53. Rc3 Bg6 54. Rc1 Bd3 55. Rc3 1/2-1/2

[Event "Dortmund Helmut Kohl"]
[Site "Dortmund"]
[Date "2017.07.20"]
[Round "6"]
[White "Stemmler, Fabian"]
[Black "Kokje, Joris"]
[Result "1/2-1/2"]
[WhiteElo "1972"]
[BlackElo "2112"]
[PlyCount "41"]
[EventDate "2017.07.15"]
[EventType "tourn"]
[EventRounds "9"]
[EventCountry "GER"]
[SourceTitle "CBM 179 Extra"]
[Source "ChessBase"]
[SourceDate "2017.08.23"]
[SourceVersion "1"]
[SourceVersionDate "2017.08.23"]
[SourceQuality "1"]

1. d4 Nf6 2. Bg5 d5 3. e3 c5 4. Bxf6 gxf6 5. dxc5 e6 6. c4 dxc4 7. Nd2 c3 8. bxc3 Nd7 9. c6 bxc6 10. Qc2 Bg7 11. Ngf3 0-0 12. Be2 f5 13. e4 fxe4 14. Nxe4 Nf6 15. 0-0 Nxe4 16. Qxe4 Qd5 17. Qh4 Qd8 18. Qh5 Qd5 19. Qh4 Qd8 20. Qe4 Qd5 21. Qh4 1/2-1/2

[Event "Dortmund Helmut Kohl"]
[Site "Dortmund"]
[Date "2017.07.19"]
[Round "5"]
[White "Niermann, Tristan"]
[Black "Stemmler, Fabian"]
[Result "1-0"]
[WhiteElo "2315"]
[BlackElo "1972"]
[PlyCount "81"]
[EventDate "2017.07.15"]
[EventType "tourn"]
[EventRounds "9"]
[EventCountry "GER"]
[SourceTitle "CBM 179 Extra"]
[Source "ChessBase"]
[SourceDate "2017.08.23"]
[SourceVersion "1"]
[SourceVersionDate "2017.08.23"]
[SourceQuality "1"]

1. d4 e6 2. c4 f5 3. g3 Nf6 4. Bg2 Be7 5. Nf3 d6 6. Nc3 0-0 7. 0-0 Ne4 8. Qc2 Nxc3 9. bxc3 Nc6 10. e4 e5 11. d5 Nb8 12. c5 Na6 13. cxd6 cxd6 14. Ba3 f4 15. gxf4 Rxf4 16. Ne1 g5 17. c4 b6 18. Bb2 Qe8 19. Nd3 Rf6 20. Nxe5 dxe5 21. Bxe5 Rh6 22. Bg3 Bc5 23. e5 Bh3 24. Bxh3 Rxh3 25. Qf5 Qh5 26. Qe6+ Kh8 27. Qf6+ Kg8 28. Qe6+ Kh8 29. Kg2 Rxg3+ 30. hxg3 Rf8 31. f3 Nc7 32. Qg4 Qg6 33. Qe4 Qf7 34. Rh1 Ne8 35. Rh6 Nd6 36. exd6 Qg7 37. Rxh7+ Qxh7 38. Rh1 Qxh1+ 39. Kxh1 Bxd6 40. Qg6 Bc5 41. Qh6+ 1-0